000 01347nam a2200349 a 4500
001 000362
003 DO-SdBNP
005 20180309110836.0
007 000362
008 150130s2012 dr ac 000 0 spa d
020 _a9789945117189 (v. 1)
020 _a9789945116502 (v. 2)
040 _aBPMSU
_bspa
_cBPMSU
092 _a372.257
_bN285e , 5to. 2012
245 0 0 _aNaturaleza 5 :
_beducación básica /
_cÁngela Segura ... [et al.] ; dirección editoria de Obdulia García de Escobar
260 _aSanto Domingo :
_bSantillana,
_c2012.
300 _a127 p. :
_bil. retrs. ;
_c28 cm.
490 1 _aInnova
505 _tEl universo --
_tLa tierra --
_tHistoria del planeta tierra --
_tFenómenos de la tierra --
_tLa vida en el planeta --
_tLa nutrición humana --
_tMovimiento y energía --
_tTecnología en la vida --
650 4 _aCIENCIAS NATURALES
_xENSEÑANZA BÁSICA
650 4 _aCIENCIAS NATURALES
_xEDUCACIÓN PRIMARIA
650 4 _aEDUCACIÓN PRIMARIA
_zREPÚBLICA DOMINICANA
650 4 _aCIENCIAS NATURALES
_xLIBROS DE TEXTOS
650 4 _aCIENCIAS NATURALES
_xESTUDIOS Y EJERCICIOS
700 1 2 _aSegura, Ángela
700 1 2 _aGarcía de Escobar, Obdulia
_3ed.
830 0 _aInnova
910 _aValidado. Control de calidad MFF
942 _2ddc
_cBK
945 _aRemanejado para BNPHU / 2018 BT
956 _aYLOCKWARD
_b10
999 _c9988
_d9988